| 000 | 01091nam a2200229Ia 4500 | ||
|---|---|---|---|
| 003 | OSt | ||
| 005 | 20220923222020.0 | ||
| 006 | a|||||r|||| 00| 0 | ||
| 007 | ta | ||
| 008 | 220922b |||||||| |||| 00| 0 hin d | ||
| 024 | _a201,687 | ||
| 037 | _cTextual | ||
| 040 |
_aARTS _cARTS _bhin |
||
| 041 |
_2hin _ahin |
||
| 082 | _aO168:1:9M7, 152K6 | ||
| 100 | _aगोयलीय, अयोध्याप्रसाद | ||
| 245 | 0 | _aउस्तादाना कमाल लबधप्रतिष्इ प्रमाणिक उस्तादों द्वारा दी गयी इस्लाहो का संक्लन | |
| 246 | _aUstādānā kamāl labadhapratiṣhi pramāṇik ustādoan dvārā dī gayī islāho kā sanklana | ||
| 490 | _aज्ञानपीठ लोकोदय ग्रन्थमाला लक्ष्मीख्न्द्र जैन ,द्वारा संपा 236 | ||
| 942 |
_hO168:1:9M7, 152K6 _cTEXL _2CC |
||
| 999 |
_c353327 _d353327 |
||